000
00280nam a2200109Ia 4500
008
220120s9999||||xx |||||||||||||| ||und||
100
_a
Majumder, Dighe
245
0
_a
Age of imperial insurjency
260
_a
BVB Publications
_b
Mandya
_c
2009
300
_b
0
650
_a
GENERAL BOOKS
999
_c
136927
_d
136927